| 000 | 00553cam a22002171 4500 | ||
|---|---|---|---|
| 001 | sa 65002635 | ||
| 003 | DLC | ||
| 005 | 20260227112118.0 | ||
| 008 | 881028s1961 xx 000 0 beno | ||
| 010 | _asa 65002635 | ||
| 035 | _a(OCoLC)23547070 | ||
| 040 |
_aDLC _cMiU _dDLC |
||
| 042 | _apremarc | ||
| 050 | 0 | 0 |
_aPK1718.D74 _bZ7213 |
| 100 | 1 | _aGupta, Kshetra. | |
| 245 | 0 | 0 | _aMadhusūdanera kabi-ātmā o kābyaśilpa. |
| 260 | _c[1961] | ||
| 300 |
_a403 p. _c23 cm. |
||
| 500 | _aRomanized. | ||
| 600 | 1 | 0 |
_aDutt, Michael Madhusudan, _d1824-1873. |
| 999 |
_c62739 _d62739 |
||